Institutional change in rural economy with special reference to western U.P. (Record no. 24613)
[ view plain ]
| 000 -LEADER | |
|---|---|
| fixed length control field | 00280nam a2200097Ia 4500 |
| 008 - FIXED-LENGTH DATA ELEMENTS--GENERAL INFORMATION | |
| fixed length control field | 190716s9999 xx 000 0 und d |
| 082 ## - CLASSIFICATION NUMBER | |
| Call Number | TB-118# |
| 100 ## - AUTHOR NAME | |
| Author | Braham Prakash |
| 245 #0 - TITLE STATEMENT | |
| Title | Institutional change in rural economy with special reference to western U.P. |
| 942 ## - ADDED ENTRY ELEMENTS (KOHA) | |
| Koha item type | Micro-Film |
| Withdrawn status | Circulation Status | Home library | Current library | Entry Date | Accession Number | Koha item type |
|---|---|---|---|---|---|---|
| NASSDOC Library | NASSDOC Library | 16/07/2019 | MF948 | Micro-Film |
